1180 1210 1765 1775 1867 1358 1902 1775 1594 1225 1075 1399 1682 1743 1323 1026 1920 1730 1182 1694 1290 1412 1746 1710 1108 1324 1037 1483 1232 1430 1394 1058 1693 1998 1292 1923 1743 1774 1522 1828 1418 1815 1877 1175 1522 1664 1061 1230 1511 1628 1919 1384 1887 1150 1641 1040 1131 1515 1152 1116 1295 1591 1504 1109 1049 1818 1289 1630 1359 1586 1759 1058 1481 1898 1263 1307 1796 1915 1720 1313 1762 1737 1332 1228 1147 1692 1441 1796 1323 1555 1708 1144 1761 1802 1082 1250 1246 1896 1354 BCNSPRNW ULIB Ver.6.0+V

เปลี่ยนเป็นภาษาไทย

Change to English
 แสดงรายละเอียดบรรณานุกรม
  กลับหน้าหลัก

Brief Record : Get Marc (ISO 2709) : E-mail record : QR code < ปิดหน้าต่าง
LEADER : 00000nam 2200000uu 4500
001    13399108412
003     ULIB
008    110303s2007||||th 000 0 tha d
020    9781582555324
024    1582555324
060  4 WY100^B561 2007
245 00 Best pratices evidence-based nursing procedures^cMunden, Juilie, editor
250    2nd.ed
260    Philadelphia. :^b Lippincott Williams & Wikins, ^c2007
300    628 pp.
650  7 Evidence-Bases Nursing.
650  7 Nursing care^x Practices
945    ^p1885^l0^i020368
995    Kesorn
999 ^a ใช้งานได้ทุกระบบ
รายการนี้ยังไม่มีแท็ก
คุณยังไม่ได้ล็อกอิน คุณสามารถมีกิจกรรมร่วมกับเว็บไซต์ได้ แต่ต้องล็อกอินก่อน ::
  ล็อกอิน

รายการสื่อสารสนเทศ

ลำดับที่ ประเภท เลขเรียก/บาร์โค้ด สถานที่ สถานะ
- ไม่พบข้อมูล -

BibComment


ยังไม่เคยถูกคอมเมนท์

คอมเมนท์ทรัพยากรรายการนี้
  คอมเมนท์: Best pratices evi..


 Copyright 2026. Bcnsprnw @Library